[Event "Sautron op 16th"]
[Site "Sautron"]
[Date "2016.10.22"]
[Round "7.5"]
[White "Bogdanov, Egor"]
[Black "Bedouin, Xavier"]
[Result "1-0"]
[WhiteElo "2400"]
[BlackElo "2353"]
[Annotator "RR"]
[PlyCount "117"]
[EventDate "2016.10.22"]
[EventType "swiss"]
[EventRounds "9"]
[EventCountry "FRA"]
[SourceTitle "EXT 2019"]
[Source "ChessBase"]
[SourceDate "2018.10.10"]
[SourceVersion "1"]
[SourceVersionDate "2018.10.10"]
[SourceQuality "1"]
[TimeControl "40/5400+30:1800+30"]

1. e4 c5 2. Nf3 g6 3. d4 cxd4 4. Nxd4 Nc6 5. Nc3 Bg7 6. Be3 Nf6 7. Bc4 O-O (
7... Qa5) 8. Bb3 d5 {Une ligne secondaire ambitieuse} (8... d6) (8... a5) 9.
exd5 Na5 10. Nf3 (10. Qf3 Nxb3 11. axb3 Bg4 12. Qg3 Bh5 13. d6 Ng4 14. O-O-O
Qa5 15. dxe7 Rfe8 16. Rde1 Rxe7 17. Kb1 Rae8 18. h3 Nxe3 19. fxe3 g5 20. b4 Qe5
21. Qxe5 Rxe5 22. e4 Bg6 23. Nf3 R5e7 24. Nxg5 Bxc3 25. bxc3 a5 26. bxa5 Re5
27. Nf3 Rb5+ 28. Kc1 Rxa5 29. e5 Rc5 30. Kd2 Rd5+ 31. Nd4 Rdxe5 32. Rxe5 Rxe5
33. Rb1 Rg5 34. g4 h5 35. gxh5 Rxh5 36. Rxb7 Rxh3 37. c4 Be4 38. Re7 f5 39. c5
Kf8 {Karjakin,S (2766)-Dubov,D (2655) Doha 2015 1-0}) 10... b6 11. Qd2 Bb7 (
11... Nxb3 12. axb3) 12. O-O-O Qc7 $146 (12... Rc8 13. Bd4 Qd7 14. Rhe1 Nxb3+
15. axb3 Rfd8 16. Qe2 Nxd5 17. Bxg7 Kxg7 18. Nxd5 Bxd5 19. Qxe7 Qxe7 20. Rxe7
Bxf3 21. gxf3 Re8 22. Re4 Red8 23. b4 Rxd1+ 24. Kxd1 b5 25. Kd2 Kf6 26. b3 Rb8
27. Kd3 h5 28. Ke3 Rb7 29. f4 Kf5 30. h3 f6 31. Rd4 Ke6 32. Ke4 f5+ 33. Kd3 Rb6
34. h4 Ra6 35. c4 Ra3 36. Kc2 Ra2+ 37. Kc3 Rxf2 38. c5 Rf1 39. Rd6+ Ke7 40.
Rxg6 Rxf4 41. Rg5 Rxh4 42. Rxf5 {Bergez,L (2368)-Gurevich,D (2317) Barbera del
Valles 2014 1/2-1/2}) 13. d6 $1 exd6 14. Qxd6 Qxd6 15. Rxd6 Ng4 $132 16. Bd5
Nxe3 17. fxe3 Bxc3 18. bxc3 Bxd5 19. Rxd5 Rac8 {Les Noirs ont une bonne finale}
(19... Nc4 $15) 20. Rd3 Rfe8 $15 21. Re1 Re4 $1 {[%csl Re1] Les Noirs ont un
bon avantage d'esapce} 22. Nd2 Ra4 23. Kb1 Rg4 24. g3 Nc4 25. Nxc4 Rgxc4 26.
Kb2 R8c7 (26... Kf8) (26... Kg7) 27. Rf1 R4c5 28. Rf4 Kg7 29. Rfd4 h5 30. a4
Kf6 $17 {[%csl Rb2] Le MI a plusieurs faiblesses à attaquer et il peut donc
jouer pour le gain.} 31. Kb3 Ke5 {[%csl Ge5]} 32. h4 a5 {[%csl Gb4]} 33. c4
R5c6 34. Rf4 Rd6 35. g4 {[%csl Rh4] Les Blancs tente de simplifier mais en
créant une nouvelle faiblesse avec le P isolé "h4"} hxg4 36. Rxg4 Rcc6 37.
Rgd4 Rf6 38. h5 $1 gxh5 39. Rd5+ Ke6 40. Rxh5 $132 Rf1 41. Rd4 Rb1+ $1 {
[%csl Ra4]} 42. Kc3 Rb4 43. Re4+ Kd7 44. Rd5+ Kc7 45. Re7+ Kb8 46. Rd8+ Rc8 47.
Rxc8+ Kxc8 48. Rxf7 Rxa4 49. e4 $40 {[%csl Rc8,Gf7] La partie a basculé car
non seulement les Blancs ont gagné un P mais le K est coupé} Ra1 50. c5 bxc5
51. Kc4 Ra4+ 52. Kd5 Rd4+ 53. Kc6 $1 {[%csl Rc8][%cal Gf7f8]} Kd8 54. e5 Ke8 $6
(54... c4 55. e6 Rd2 {[%csl Rc2]}) 55. Ra7 Rc4 56. Kd6 Rxc2 57. Ra8+ Kf7 58.
e6+ Kg7 59. e7 1-0

[Event "Saint Louis Showdown Basque 2"]
[Site "Saint Louis"]
[Date "2015.11.12"]
[Round "1.2"]
[White "Negi, Parimarjan"]
[Black "Hou, Yifan"]
[Result "1-0"]
[WhiteElo "2664"]
[BlackElo "2683"]
[Annotator "Ramirez Alvarez,A"]
[PlyCount "71"]
[EventDate "2015.11.12"]
[EventType "match"]
[EventRounds "1"]
[EventCountry "USA"]
[SourceTitle "CBM 169 Extra"]
[Source "ChessBase"]
[SourceDate "2015.12.18"]
[SourceVersion "1"]
[SourceVersionDate "2015.12.18"]
[SourceQuality "1"]

1. e4 c5 2. Nf3 Nc6 3. d4 cxd4 4. Nxd4 g6 5. Nc3 Bg7 6. Be3 Nf6 7. Bc4 O-O 8.
Bb3 Re8 $5 {Taking a page from Vitiugov's book, who used it against Leko last
year, who in turn probably got it from a bizarre experiment by Zvjaginsev. The
move is strange, but it does preper e6 and d5 and it might not be so bad.} 9.
h4 $5 Qa5 (9... e6 $5 10. h5 d5 $5 {would be crazy.}) 10. h5 $5 {Going for it}
Nxe4 (10... Nxh5 11. Nf5 $5 {is one of several tempting possibilities.}) 11.
hxg6 hxg6 12. Qf3 d5 $5 (12... Nf6 13. O-O-O {looks too optimistic. White has
too much initiative on the h-file.}) 13. Bxd5 Nf6 {the tempo is rather
important!} 14. Bb3 (14. Nxc6 bxc6 15. Bxc6 Rb8 16. Bxe8 Rxb2 {is just crazy.
Negi didn't feel like getting into this probably.}) 14... Bg4 (14... Nxd4 15.
Bxd4 e5 16. Be3 e4 $13) 15. Qg3 Rad8 16. Nxc6 bxc6 17. Rh4 Bh5 18. Ra4 $1 {
Taking advantage of that weak a7 pawn.} Qf5 19. f3 e6 20. Qf2 Nd5 $6 (20... g5
21. g4 Bxg4 22. fxg4 Nxg4 {is a weird position.}) 21. Nxd5 exd5 22. O-O-O {
White's position is superior now. Black's bishop on h5 is in serious danger.}
d4 23. Bd2 g5 24. g4 $1 {Very nicely timed!} Bxg4 25. Rxa7 {It's amazing how
this rook, originally attacking the kingside from h1, is now attacking the
kingside from a7!} Rf8 26. Rg1 Qxf3 27. Qxf3 Bxf3 28. Bxg5 {there are too many
threats agains the kingside.} Rde8 29. Bf6 Re1+ 30. Rxe1 Bxf6 31. Rf1 Bg5+ 32.
Kb1 Bd5 33. Bxd5 cxd5 34. a4 Be3 35. Rd7 f5 36. a5 1-0

[Event "Qatar Masters op"]
[Site "Doha"]
[Date "2015.12.24"]
[Round "5"]
[White "Karjakin, Sergey"]
[Black "Dubov, Daniil"]
[Result "1-0"]
[WhiteElo "2766"]
[BlackElo "2655"]
[Annotator "Roiz,M"]
[PlyCount "99"]
[EventDate "2015.12.20"]
[EventType "swiss"]
[EventRounds "9"]
[EventCountry "QAT"]
[SourceTitle "CBM 170"]
[Source "ChessBase"]
[SourceDate "2016.01.15"]
[SourceVersion "1"]
[SourceVersionDate "2016.01.15"]
[SourceQuality "1"]

1. e4 c5 2. Nf3 Nc6 3. Nc3 g6 4. d4 cxd4 5. Nxd4 Bg7 6. Be3 Nf6 7. Bc4 O-O 8.
Bb3 d5 $5 {Daniil chooses the most ambitious continuation, which is connected
with a pawn sacrifice.} (8... d6) ({and} 8... a5 {are the main alternatives.})
9. exd5 Na5 10. Qf3 ({In the following 2 examples Black has got full
compensation for the missing pawn:} 10. Qd2 Nxb3 11. Nxb3 b5 12. Nxb5 Qxd5 13.
Qxd5 Nxd5 14. Bd4 Rb8 $44 {Saric,I (2647)-Yakovich,Y (2515)/Sochi RUS 2015}) (
10. O-O Nxb3 11. Nxb3 b6 12. Bf4 Bb7 13. d6 exd6 14. Qxd6 Nh5 $44 {Kulaots,K 
(2582)-Khalifman,A (2614)/Jurmala 2013}) ({Despite his loss, Daniil must have
good memories about this line from his previous battle:} 10. Nf3 b6 11. Qd3 $6
Bf5 12. Qd2 Ne4 13. Nxe4 Bxe4 14. c4 Rc8 15. Rc1 b5 $17 {Oparin,G (2569)-Dubov,
D (2661)/Moscow RUS 2015}) 10... Nxb3 ({After} 10... Bg4 11. Qg3 Bh5 12. d6
exd6 13. O-O Nxb3 14. Nxb3 Re8 15. Bd4 $14 {Ganguly,S (2614)-Barnaure,V (2513)/
Abu Dhabi 2014, White did convert the extra pawn into a positional advantage.})
11. axb3 Bg4 ({Exchanging the dark-squared bishop doesn't offer Black
sufficient compensation for a pawn:} 11... Ng4 $6 12. Rd1 Nxe3 13. Qxe3 $16)
12. Qg3 Bh5 13. d6 $146 {Sergey comes up with an interesting novelty. He
provokes Black to regain the pawn back at cost of creating an isolated pawn.} (
{In the following game the players have entered into a complex and
double-edged position after} 13. f3 Nxd5 14. Nxd5 Qxd5 15. O-O-O Rac8 $132 {
Kulaots,K (2578)-Shirov,A (2696)/Jyvaskyla 2014}) 13... Ng4 (13... exd6 14. h3
Re8 15. O-O Ne4 16. Nxe4 Rxe4 17. c3 $14 {leaves Black with an isolated Pd6,
whereas the Bh5 makes a poor impression.}) 14. O-O-O ({Sergey could have tried
to exploit the poor placement of the Bh5 by means of} 14. O-O $5 Be5 (14...
exd6 $6 {is dubious:} 15. Nd5 Nxe3 16. fxe3 $36 {[%csl Rh5]}) 15. f4 Bxd6 16.
Ndb5 Nxe3 17. Qxe3 {, but then} Bb4 18. h3 Rc8 19. Qe4 Bc5+ 20. Kh1 a6 21. Na3
b5 $132 {leads to a very complex, double-edged battle.}) 14... Qa5 15. dxe7
Rfe8 16. Rde1 Rxe7 (16... Nxe3 17. fxe3 ({After} 17. Qxe3 Qa1+ 18. Kd2 Qa5 {
White hardly has anything better than} 19. Kc1 $11) 17... Rxe7 18. Kb1 Rae8 $44
) 17. Kb1 Rae8 18. h3 Nxe3 19. fxe3 g5 {Black is in a hurry with liberating
the light-squared bishop, but this advance makes the pawn structure somewhat
exposed.} (19... Qd8 $5 20. Qf2 f5 21. Rhg1 Qd7 $44) 20. b4 Qe5 21. Qxe5 Rxe5
22. e4 Bg6 $6 {Giving up another pawn.} ({Ther was the much stronger} 22... a5
$1 23. bxa5 ({Now} 23. b5 Bg6 24. Nf3 {is well met by} Rc5 {with excellent
play.}) 23... Rxa5 24. Nf5 Bxc3 25. bxc3 Bg6 $11) 23. Nf3 R5e7 24. Nxg5 Bxc3
25. bxc3 a5 (25... f5 26. Re3 fxe4 27. h4 h6 28. Nh3 $16) 26. bxa5 Re5 27. Nf3
Rb5+ {A pointless move - White's king is now closer to the centre.} ({A better
one was} 27... Rxa5 28. Re3 Rxe4 29. Rhe1 Rxe3 30. Rxe3 Kg7 31. Nd4 Kf6 $14)
28. Kc1 Rxa5 ({In comparison to the previous line, now} 28... Rxe4 29. Kd2 Rxa5
30. Rb1 Re7 31. Rhe1 $16 {allows White to activate both rooks.}) 29. e5 $6 {
Underestimating the power of his opponent's bishop.} (29. Kd2 $142 Rxe4 30. Nd4
$16) 29... Rc5 $6 ({Both opponents missed} 29... Rc8 $1 30. Kd2 Rd5+ 31. Nd4 b5
32. Rb1 Rc4 $14 {with excellent drawing chances.}) 30. Kd2 Rd5+ 31. Nd4 Rdxe5 (
31... b5 32. Rb1 Rexe5 33. Rhe1 Rg5 34. Re2 $16) 32. Rxe5 Rxe5 33. Rb1 ({
Possibly, the prophylactic} 33. g3 Be4 34. Re1 $16 {would be more unpleasant
for Black.}) 33... Rg5 34. g4 h5 35. gxh5 Rxh5 $2 {It's hard to believe, but
this natural recapture is a decisive mistake!} ({It was necessary to protect
the only queenside pawn:} 35... Be4 $1 36. Rb5 f5 37. h6 Kh7 {The limited
material balance offers Black decent drawing chances.}) 36. Rxb7 Rxh3 37. c4
Be4 (37... Kf8 38. c5 Rh5 39. Rb5 Ke8 40. Kc3 Be4 41. Kb4 $18) 38. Re7 f5 39.
c5 Kf8 40. Re5 Rh6 (40... Kf7 {also offered no hope:} 41. c6 Rh8 42. c7 Bb7 43.
Nxf5 Kf6 44. Rb5 $18) 41. Kc3 Kf7 42. Kb4 Rh2 43. c3 Rh4 44. Kb5 Rh3 45. c4 Re3
46. c6 f4 47. c7 Bb7 48. Rf5+ Ke8 49. Kb6 Bc8 50. Rxf4 1-0

[Event "American Continental 3rd"]
[Site "Buenos Aires"]
[Date "2005.08.16"]
[Round "11"]
[White "Kudrin, Sergey"]
[Black "Leon Hoyos, Manuel"]
[Result "1-0"]
[WhiteElo "2559"]
[BlackElo "2431"]
[Annotator "Roiz,M"]
[PlyCount "103"]
[EventDate "2005.08.06"]
[EventType "swiss"]
[EventRounds "11"]
[EventCountry "ARG"]
[SourceTitle "CBM 109"]
[Source "ChessBase"]
[SourceDate "2005.11.14"]
[SourceVersion "1"]
[SourceVersionDate "2005.11.14"]
[SourceQuality "1"]

{[%mdl 20]} 1. e4 c5 2. Nf3 g6 3. d4 Bg7 4. Nc3 cxd4 5. Nxd4 Nc6 6. Be3 Nf6 7.
Bc4 Qa5 8. O-O O-O 9. Nb3 (9. Bb3 {-->is another fashionable line.}) 9... Qc7
10. Re1 $5 {A rare, but quite logical continuation- White intents to put
pressure along the e-file after the typical exchange on d5.} ({The main line
here is-->} 10. f4 d6 11. Be2 a5 (11... b6) (11... a6)) ({Another interesting
move here is:} 10. Bg5 $5 {-->1-0 Anand,V-Van Wely,L/Wijk aan Zee 1999/CBM 69/
[Alterman,B] (60)}) 10... d6 {The most natural developing move.} ({Sergei
Kudrin has excellent results in that system:} 10... Ne5 {[%cal Ge5g4]} 11. Be2
d6 12. Nd5 Nxd5 13. exd5 Nc4 14. Bxc4 Qxc4 15. Bd4 Re8 16. Bxg7 Kxg7 17. Re3
Bf5 18. Rc3 Qh4 19. Nd4 Rac8 20. Nxf5+ gxf5 21. Re3 $16 {1-0 Kudrin,S-Chow,A/
Philadelphia 1999/EXT 2000 (36)}) (10... b6 11. Bg5 Bb7 12. Bf1 Rac8 13. Nd5
Nxd5 14. exd5 Nb4 15. c4 $16 {1-0 Kudrin,S-Paschall,W/Boston 1998/EXT 2000 (49)
}) 11. Bf1 $146 {[%cal Gc3d5] White doesn't want to waste time for some
prophylaxis.} ({In the following game White has a serious advantage, but
Black's play can be easily improved:} 11. h3 b6 (11... a6 $5 12. Bf1 e6 $132)
12. Bf1 Bb7 13. Bg5 Na5 $6 14. Nd5 Bxd5 15. exd5 a6 $6 16. Nxa5 bxa5 17. Qd2
Rfe8 18. c4 $16 {1-0 Apicella,M-Coste,T/St Chely d'Aubrac 2004/CBM 101 ext (38)
}) 11... a6 ({The most principal reply would be:} 11... Ng4 12. Bf4 (12. Bd2 $6
d5 $36) (12. Nd5 Nxe3 13. Nxc7 Nxd1 14. Nxa8 Nxb2 $44) 12... Bxc3 13. bxc3 e5 (
13... Nce5) 14. Bg5 f6 15. Bc1 $36) 12. Nd5 Nxd5 ({Black's position would be
too passive after:} 12... Qd8 $6 13. Bb6 Qd7 14. c3 Ne5 15. Qd2 $16 {[%csl Gb6,
Rd7]}) 13. exd5 $14 {Now white has a typical advantage due to the preferablity
of his pawn structure. White may put an unpleasant pressure on the Pe7, while
Black has no counterplay.} Na5 (13... Ne5 14. Bd4 (14. f4 Nc4 15. Bxc4 Qxc4 16.
Bd4 $14) 14... Bf5 15. c3 Bh6 $1 $14) 14. Bd4 Nxb3 15. axb3 e5 $6 {Now the
weakness of the dark squarwes around Black's king becomes very significant.} ({
Better was:} 15... Bxd4 16. Qxd4 Re8 (16... Qxc2 $2 17. Rxe7 $16 Qxb3 $140 $2
18. Rc7 $1 $18 {[%csl Rb3][%cal Ga1a3]}) 17. c4 (17. c3 Qc5 18. Qd2 Bd7 19. b4
Qb6 $14 {[%cal Ga6a5]}) 17... a5 18. b4 (18. h4 $5) 18... Bd7 $14 {and Black
has a worse but defensible position.}) 16. dxe6 Bxe6 17. Bxg7 Kxg7 18. Qd4+ Kg8
19. Bd3 $16 {[%csl Rd6,Rg8]} Qc5 ({Maybe more accurate would be:} 19... a5 $5
20. h4 Rfe8 $16 {not allowing White to seize more space on the queenside by
b3-b4.}) 20. Qf6 Rfe8 21. h4 $1 {The advance of this pawn is very unpleasant
for Black.} Bg4 {The bishop has no job there.} ({I would prefer:} 21... Bd5 $5
{in order to meet} 22. h5 $6 {with} Rxe1+ 23. Rxe1 Qb4 $1 24. Re7 Qg4 $132) 22.
Bc4 {Provoking the d6-d5 advance.} d5 ({After} 22... Qc7 23. Bd5 Qd7 (23... Re5
24. Rxe5 dxe5 25. Ra4 $1 $16) 24. h5 $1 Bxh5 25. f3 Re5 26. Rxe5 dxe5 27. c4
$16 {[%csl Rh5] White's pieces are dominating completely.}) 23. Bd3 Qb4 (23...
Re6 24. Rxe6 fxe6 25. Bxg6 Rf8 26. Qg5 $16 {[%csl Rg8]}) 24. Re5 Bd7 {Giving
up the pawn.} ({I can hardly recommend:} 24... Rxe5 25. Qxe5 Be6 26. h5 Re8 27.
h6 Qf8 28. Qf4 $16 {[%csl Rf8,Rg8] and Black is practically paralyzed.}) (24...
Rad8 $5 {deserves attention;} 25. Ra4 Qd2 26. Rd4 (26. Rxg4 $4 Qd1+ 27. Kh2
Qxg4 $19) 26... Rxe5 27. Qxe5 Be6 $16 {at least keeping the material balance.})
25. Rxd5 Re6 {Black is unable to keep the queens on the board.} (25... Bc6 26.
Rd4 Qc5 27. Bc4 $16) 26. Qd4 Qxd4 27. Rxd4 Bc6 28. f3 {White is a pawn up,
though it's still not easy to convert it to a full point.} (28. b4 $5 Rae8 29.
Kf1 $16) 28... Rae8 29. Kf2 Kg7 30. Bc4 Re5 31. b4 {Placing the pawns at the
dark squares and seizing more space.} R8e7 32. c3 h6 33. Bf1 h5 $6 {A serious
strategical mistake- now Black's kingside pawns can be easily attacked by
White's bishop.} ({Much better would be:} 33... g5 34. hxg5 hxg5 $16 {with
some practical chances to draw.}) 34. Rdd1 Kf6 35. Rd6+ Kg7 36. Rd2 Kf8 $6 {
Black just wastes time and allows White to improve his position little by
little.} ({It was the right moment for:} 36... f6 $142 {[%cal Gg6g5] trying to
exchange some pawns.}) 37. Re2 Rxe2+ 38. Bxe2 Re5 39. Bc4 Be8 $6 {The bishop
is placed very badly here.} (39... Rf5 $142 40. Bd3 Rf4 41. Kg3 Rf6 $16) 40.
Rd1 (40. Ra5 Re7 41. Rd5 Bc6 42. Rd8+ Kg7 $16) 40... Ke7 $2 {And that is
already a decisive mistake.} ({Necessary was:} 40... Bc6 {[%cal Ge5f5,Gf7f6]
keeping the rooks on the board.}) 41. Re1 $18 Rxe1 42. Kxe1 Kf6 43. Kf2 Ke5 44.
Ke3 {This endgame is completely hopeless for black- he is a pawn down, while
all his pawns are fixed at the light squares.} f6 {Now it's too late!} 45. Bd3
g5 46. g3 {[%csl Rh5]} Kd6 47. Kd4 gxh4 48. gxh4 Bf7 49. Be4 b5 (49... b6 50.
c4 $18) 50. Bb7 Be6 51. Ke4 Ke7 (51... Kc7 52. Bd5 Bd7 53. Bf7 $18) 52. Bd5 (
52. Bxa6 $18) (52. Bd5 Bc8 53. Kd4 Kd6 54. Bf7 $18) 1-0